=LDR 00000nam 2200000 4500 =001 NUTBA000000000001341 =005 20140422171723.0 =006 =007 =008 =035 ##$$a 0010-041400000000611 =082 ##$$a 028.5 =090 ##$$a 028.5 $b kee a =100 ##$$a keen achroni $t anak kreatif seri lingkungan sekitar =245 ##$$a anak kreatif seri lingkungan sekitar =260 ##$$a Jakarta $b Javalitera $c 2011 =300 ##$$a 24 hlm $b illus $c 27 cm =850 ##$$a NBPBMAT =990 ##$$a 21194777/BPAP-NTB/2014